Archivo Municipal de Ahillones
ISBN:
978-84-9852-128-6
Publicado:
Extremadura :
Junta de Extremadura. Consejería de Cultura y Turismo. Dirección General de Patrimonio Cultural ; Badajoz : Diputación de Badajoz ,
2008
Descripción Física:
125 p. ; 21 cm
Colección:
Archivos municipales de Extremadura ; 9
MARC
| LEADER | 00000nam a2200000Ia 4500 | ||
|---|---|---|---|
| 001 | 21275 | ||
| 003 | BGR | ||
| 005 | 20260324175757.0 | ||
| 008 | 160829s2008 xx 000 0 cat d | ||
| 020 | |a 978-84-9852-128-6 | ||
| 080 | |a A-2-345 | ||
| 245 | |a Archivo Municipal de Ahillones | ||
| 260 | |a Extremadura : |b Junta de Extremadura. Consejería de Cultura y Turismo. Dirección General de Patrimonio Cultural ; Badajoz : |b Diputación de Badajoz, |c 2008 | ||
| 300 | |a 125 p. ; |c 21 cm | ||
| 490 | |a Archivos municipales de Extremadura ; 9 | ||
| 650 | |a Archivo Municipal de Ahillones |x Catàlegs |9 40879 | ||
| 710 | |a Badajoz (Extremadura : Província). |b Diputación |9 54071 | ||
| 710 | 1 | |a Extremadura. |b Dirección General de Patrimonio Cultural |9 54118 | |
| 710 | 1 | |a Archivo Municipal de Ahillones |9 70502 | |
| 901 | |a Arxiu | ||
| 942 | |n 1 |2 udc |c MON | ||
| 952 | |0 0 |1 0 |4 0 |6 A2345 |7 1 |9 49941 |a Arxiu |b Arxiu |d 2016-12-01 |l 0 |o A-2-345 |p 21275 |r 2016-12-01 00:00:00 |w 2016-12-01 |y ARXIU | ||
| 999 | |c 53783 |d 53783 | ||